[Event "40th Plunge Open-A 2020"]
[Site "Plunge"]
[Date "2020.07.18"]
[Round "8.3"]
[White "Vardanyan, Aras"]
[Black "Indriunas, Matas"]
[Result "1/2-1/2"]
[WhiteElo "2178"]
[BlackElo "2199"]
[Annotator "TA"]
[PlyCount "118"]
[EventDate "2020.07.13"]
[EventType "swiss"]
[EventCountry "LTU"]
[SourceTitle "playchess.com"]
[Source "ChessBase"]
[SourceQuality "1"]

{[%evp 14,118,10,8,39,33,37,9,24,0,15,14,50,40,49,47,53,22,32,0,0,0,64,64,85,75,91,19,74,-14,26,-2,10,0,0,0,0,-81,-75,-80,-64,-70,-51,-62,-30,-132,-125,-120,-121,-176,-175,-214,-243,-224,-142,-140,0,-6,0,-137,-25,-45,-45,-136,-137,-137,-100,-93,-105,-96,-81,-143,-113,-147,-143,-146,0,0,0,0,0,0,0,0,0,0,0,0,0,0,0,-52,-14,-14,-45,-90,0,-29962,-29963,-29962,-10325,-29965,-29966,-1696,0,0,0]} 1. g3 Nf6 2. Bg2 g6 3. e4 d6 4. d4 Bg7 5. Ne2 O-O 6. O-O e5 7. Nbc3 exd4 8. Nxd4 Bg4 {B07: Pirc Defence: Miscellaneous Systems.} 9. f3 Bd7 10. h3 Nc6 11. Nde2 {[#]} Rb8 $146 ({Predecessor:} 11... a6 12. a4 Rb8 13. a5 Re8 14. Kh2 Nb4 15. Bg5 h6 16. Be3 Qe7 17. Qd2 Kh7 {0-1 (41) Chekhov,S (2470)-Parligras,M (2583) Jerusalem 2015}) 12. a4 {[%cal Ba2a4,Ba4a5][%mdl 32]} Nb4 13. Be3 a6 14. a5 Re8 15. Re1 Bc6 16. Nf4 d5 $1 {[%cal Rd5e4]} 17. Bc5 Bf8 (17... g5 $11) 18. Bxf8 $14 Kxf8 19. e5 d4 20. Na4 (20. exf6 $6 dxc3 21. Rxe8+ Qxe8 $11) (20. Na2 $16 Nfd5 21. Nxd5 (21. Qxd4 Nxa2 22. Rxa2 Nxf4 $14) 21... Nxd5 22. Qxd4) 20... Ng8 (20... d3 $1 $11 {remains equal.} 21. Nxd3 (21. exf6 Rxe1+ 22. Qxe1 Nxc2 $17 {[%mdl 64] Double Attack}) 21... Nxd3 22. Qxd3 Nh5) 21. e6 (21. Qd2 $16 Nd5 22. Qxd4) 21... f6 22. Nc5 Qe7 23. Nb3 Rbd8 24. Qd2 $1 Kg7 25. Rad1 (25. h4 $11) 25... Ba4 $1 $17 26. Nd3 Bxb3 $1 27. Nxb4 Bxe6 28. f4 Qf7 29. f5 ({Much weaker is} 29. Bxb7 c5 $17) (29. g4 $11) 29... Bxf5 30. Rxe8 Qxe8 31. Bxb7 (31. g4 $17 Bc8 32. Re1) 31... c5 $19 32. Nd3 c4 ({Don't take} 32... Bxh3 33. Bxa6 Qc6 34. Nf4 $17) 33. Nf4 Qb5 {[%mdl 64] Double Attack} 34. Be4 Rd6 ({Black should play} 34... g5 $17 35. g4 gxf4 36. Bxf5 Nh6 37. Qxf4 Nxf5 38. Qxf5 Qxf5 39. gxf5 Kh6) 35. Bxf5 $11 Qxf5 36. Qe2 (36. Qb4 $1 $11 Qxc2 37. Re1) 36... Qe5 (36... g5 $17 37. Nh5+ Kh8) 37. Qxc4 Ne7 $36 {[%mdl 2048] Black fights for an advantage.} 38. Qb4 (38. Qe2 $15) 38... Qe3+ $17 {[%mdl 64] Double Attack} 39. Kg2 Nf5 40. Qb7+ Kh6 41. Qf3 {[#]} Rc6 $3 {[%mdl 576] Deflection} 42. Qxc6 (42. c3 $142) 42... Qxg3+ 43. Kh1 {Threatens to win with Ng2.} Qxf4 {[%mdl 4096] Endgame KQR-KQN} 44. b4 {intending b5.} Ng3+ (44... Nh4 $1 $17 {...Qf5 is the strong threat.} 45. b5 Qf5) 45. Kg2 $11 Ne4 46. Rf1 $1 {[%cal Rf1f4]} Qg3+ 47. Kh1 Qxh3+ {[%mdl 64] Double Attack} 48. Kg1 Qg4+ 49. Kh2 $1 Qh5+ 50. Kg1 Qg5+ 51. Kh2 $1 Qe5+ 52. Kg1 ({White should try} 52. Kg2 $11) 52... Qg3+ (52... d3 $5 53. cxd3 Qg3+ 54. Kh1 Qxd3 $17) 53. Kh1 f5 {White must now prevent ...Qh4+.} 54. b5 Kh5 (54... Qh3+ $17 55. Kg1 Qg3+ 56. Kh1 Qh3+ 57. Kg1 Qg4+ 58. Kh2 Qe2+ 59. Kg1 Qg4+ 60. Kh2 Qh4+ 61. Kg2 Qg4+ 62. Kh2) 55. Qd7 $2 {[%mdl 8192]} (55. bxa6 $11 d3 56. cxd3 Qh3+ 57. Kg1 Qg3+ 58. Kh1 Qxd3 59. Kg1) 55... Qh3+ 56. Kg1 Qe3+ 57. Kh2 {[#]} Qe2+ $1 58. Kg1 {[#]} Qg4+ $2 (58... Ng5 $1 $19 {[%cal Rg5h3] ( -> ...Nh3+)} 59. Rxf5 Qe1+ 60. Kh2 gxf5 61. Qxf5 Qxa5) 59. Kh2 Qh4+ {Accuracy: White = 54%, Black = 66%.} 1/2-1/2

[Event "40th Plunge Open-A 2020"]
[Site "Plunge"]
[Date "2020.07.18"]
[Round "8.4"]
[White "Laurusas, Tomas"]
[Black "Butvilas, Aistis"]
[Result "1-0"]
[WhiteElo "2511"]
[BlackElo "2103"]
[Annotator "TA"]
[PlyCount "61"]
[EventDate "2020.07.13"]
[EventType "swiss"]
[EventCountry "LTU"]
[SourceTitle "playchess.com"]
[Source "ChessBase"]
[SourceQuality "1"]

{[%evp 11,61,12,24,-16,9,10,17,8,16,0,0,0,0,2,17,16,43,40,44,37,43,37,75,75,81,89,131,123,140,141,164,173,175,170,215,201,234,195,285,271,285,251,313,306,295,272,265,270,337,328,390,393]} 1. d4 Nf6 2. c4 e6 3. Nf3 d5 4. Nc3 Bb4 5. cxd5 exd5 6. Qa4+ Nc6 7. Ne5 {D38: Queen's Gambit Declined: Ragozin Defence (4 Nf3 Bb4).} Bd7 8. Nxd7 Qxd7 9. e3 {The position is equal.} Ne4 10. Qc2 {[#]} Qg4 $146 ({Predecessor:} 10... O-O 11. Bd3 {½-½ (11) Shengelia,D (2579)-Movsesian,S (2666) Czech Republic 2016}) 11. Bd2 Nxd2 12. Qxd2 a6 13. h3 $36 {[%mdl 2048] White has the initiative.} Qg5 14. a3 Bxc3 15. Qxc3 O-O 16. g3 a5 17. Bb5 Qf5 18. h4 Na7 19. Bd3 Qf3 20. O-O c6 21. Qxa5 f5 22. Qd2 Qg4 23. b4 Rae8 24. Rac1 Nb5 (24... Qh3 $142 25. b5 Re6 26. bxc6 bxc6) 25. Bxb5 $18 cxb5 26. Qd1 Qg6 {intending ...Rxe3.} 27. Qf3 Re4 28. Kh2 Qd6 29. Kg2 Qg6 30. Rc5 f4 {[#] ...fxg3 is the strong threat.} 31. h5 {Accuracy: White = 95%, Black = 48%.} 1-0

[Event "40th Plunge Open-A 2020"]
[Site "Plunge"]
[Date "2020.07.18"]
[Round "8.5"]
[White "Brazdzionis, Andrius"]
[Black "Bagvilas, Lukas"]
[Result "1-0"]
[WhiteElo "2342"]
[BlackElo "1907"]
[Annotator "TA"]
[PlyCount "87"]
[EventDate "2020.07.13"]
[EventType "swiss"]
[EventCountry "LTU"]
[SourceTitle "playchess.com"]
[Source "ChessBase"]
[SourceQuality "1"]

{[%evp 9,87,36,50,41,61,29,33,41,20,26,66,66,91,91,91,89,95,97,108,48,45,8,31,0,0,-11,-19,-15,25,10,13,20,8,14,12,12,16,6,6,10,35,21,25,22,34,18,11,14,18,8,13,0,0,0,0,0,0,0,0,0,0,2,681,653,826,804,1595,1394,1304,1278,1204,1125,12828,12831,12829,12826,2344,1612,1046,960]} 1. d4 f5 2. c4 Nf6 3. Nc3 d6 4. Bg5 Nbd7 5. Qc2 e5 6. e3 {A85: Dutch Defence: 2 c4 Nf6 3 Nc3.} ({Don't play} 6. Qxf5 exd4 7. Nb5 Ne5 $11) 6... g6 7. h4 h6 8. Bxf6 $1 {White is slightly better.} Nxf6 9. O-O-O {[#] Strongly threatening dxe5.} e4 $146 ({Predecessor:} 9... Qe7 10. c5 Bd7 11. h5 dxc5 12. dxe5 Qxe5 13. Nf3 Qe6 14. hxg6 Bg7 15. Nh4 Rf8 {1-0 (30) Swapnil,S (2516)-Krishna,C (2387) Ahmedabad 2017}) 10. Nh3 Be6 11. Nf4 {[%mdl 64] Double Attack} Bf7 12. f3 {[%cal Rf3e4]} Qe7 13. fxe4 fxe4 14. Be2 ({White should try} 14. c5 $16) 14... h5 $14 15. Rhf1 {With the idea Qa4+.} O-O-O $1 16. Qa4 Kb8 $1 17. c5 dxc5 18. dxc5 Bh6 19. c6 $1 {Black must now prevent Qb5!} Rxd1+ 20. Rxd1 {aiming for Qb5!} Qc5 $132 {[%mdl 2048] [#] Black has counterplay} 21. Qd4 $1 {[%mdl 512]} Qxd4 22. Rxd4 bxc6 23. Nxe4 Nd5 24. Ba6 {Hoping for Nxd5.} Ka8 (24... Nxf4 {with more complications.} 25. Rb4+ Ka8 26. Bb7+ Kb8 27. Bxc6+ Kc8) 25. Ng5 Bxg5 $1 26. hxg5 Re8 27. Nxd5 Bxd5 {[%mdl 4096] Endgame KRB-KRB} 28. g3 Rxe3 29. Rf4 {Rf8+ would kill now.} Re8 30. a3 Be4 31. Rf7 Kb8 32. Kd2 Bf5 33. Rf6 c5 34. a4 c4 (34... c6 {looks sharper.} 35. Rxc6 Re4 36. Be2 Rd4+ 37. Ke3 Re4+) 35. Bxc4 {Threatens to win with Rxf5!} Kc8 $2 {[%mdl 8192] [#] This costs Black the game.} (35... Re5 $11) 36. Rxf5 $1 $18 {[%mdl 512] White is clearly winning.} gxf5 {KR-KB} 37. g6 Rd8+ 38. Ke2 Re8+ 39. Kf2 Re7 40. Bf7 Kd7 41. g7 Rxf7 42. g8=Q Ke7 43. Qg5+ Rf6 44. Kf3 {Accuracy: White = 83%, Black = 69%.} 1-0

[Event "40th Plunge Open-A 2020"]
[Site "Plunge"]
[Date "2020.07.18"]
[Round "8.6"]
[White "Salna, Aleksandras"]
[Black "Narmontas, Raimondas"]
[Result "0-1"]
[WhiteElo "2063"]
[BlackElo "2004"]
[Annotator "TA"]
[PlyCount "88"]
[EventDate "2020.07.13"]
[EventType "swiss"]
[EventCountry "LTU"]
[SourceTitle "playchess.com"]
[Source "ChessBase"]
[SourceQuality "1"]

{[%evp 16,88,22,0,0,-34,-39,-33,-16,-47,-8,-19,-29,-47,0,0,0,-16,-10,0,-5,-4,-8,-13,19,13,70,63,68,63,146,39,93,50,229,231,227,197,202,141,443,420,441,435,429,424,375,363,288,-248,-245,-248,-257,-257,-257,-257,-252,-235,-197,-342,-328,-342,-342,-394,-385,-1437,-1444,-29991,-29992,-29992,-6035,-29983,-29984,-6087,-4718]} 1. d4 d5 2. c4 c6 3. Nf3 Nf6 4. Nc3 dxc4 5. a4 Bf5 6. e3 e6 7. Bxc4 Bb4 8. O-O O-O $1 {The main line 8...0-0 scores better than 8...Nbd7.} 9. Na2 Bd6 {D18: Slav Defence: 5 a4 Bf5 6 e3.} 10. b4 Nbd7 11. Bb2 Qe7 {Black is slightly better.} 12. b5 {[#]} Nb6 $146 ({Predecessor:} 12... e5 13. dxe5 Nxe5 14. Bxe5 Bxe5 15. Nxe5 Qxe5 16. bxc6 bxc6 17. Qf3 Be4 18. Qg3 Qa5 {½-½ (40) Pechisker,A (2294)-Jiganchine,R (2240) New Westminster 2009}) 13. Bb3 cxb5 14. axb5 Bg4 15. h3 Bh5 16. Qe2 Ne4 {And now ...Ng5 would win.} 17. g4 $1 {[%cal Rg4h5]} Bg6 18. Nc3 Nxc3 19. Bxc3 f5 {White must now prevent ...fxg4.} 20. Ne5 Be8 (20... Bxe5 $1 $11 21. dxe5 Nd5) 21. f4 $14 Nd5 22. Bd2 $36 {[%mdl 2048] White has the initiative.} Qh4 (22... Bxe5 $14 23. fxe5 (23. dxe5 fxg4 24. hxg4 Kh8 $16) 23... Bg6) 23. Be1 (23. gxf5 $1 $16 Bxb5 24. Qg4 (24. Qxb5 Qg3+ {[%mdl 64] Double Attack} 25. Kh1 Qxh3+ {[%mdl 64] Double Attack} 26. Kg1 Qg3+ 27. Kh1 Rf6 $17) 24... Qxg4+ 25. hxg4 Bxf1 26. Kxf1) 23... Qd8 (23... Qxh3 $14 24. Rf3 Qh6) 24. Qd3 {Threatens to win with gxf5.} Qb6 $2 {[#]} ({Better is} 24... Bxe5 $14 25. dxe5 fxg4) 25. Ba5 $1 $18 {[%cal Ra5b6]} Bxb5 26. Qd2 Qa6 {[#]} 27. Bc7 $1 {[%mdl 512]} Bxc7 $4 {[%mdl 8192]} (27... Ba3 $16 {is tougher.}) (27... Nxc7 28. Rxa6) 28. Rxa6 Bxa6 29. Rc1 {aiming for Bxd5.} Bxe5 30. dxe5 ({Less strong is} 30. fxe5 fxg4 31. hxg4 Rad8 $16) 30... Rad8 {Hoping for ...Nxf4!} 31. gxf5 Nxf4 32. fxe6 $4 {[%mdl 8192]} (32. Bxe6+ $18 {is the narrow road to win.} Kh8 33. Bd7 Ne2+ {[%mdl 64] Double Attack} 34. Kg2 Nxc1 35. e6) 32... Rxd2 $19 ({Wrong is} 32... Nxh3+ $2 33. Kh1 $18) 33. e7+ Nd5 {[%mdl 64] Strongly threatening ...Re8. Double Attack} 34. e4 Re8 35. exd5 {[#] d6+ is the strong threat.} g6 $1 36. d6+ Kg7 37. Rc7 (37. Ba4 $142 b5 38. Bd1) 37... Bb5 38. Be6 Bc6 39. Kf1 a5 40. Rxc6 $2 (40. Bd7 Bxd7 41. Rxd7) 40... bxc6 41. Bd7 Rb8 {[%cal Rb8b1]} 42. Ke1 Rd5 (42... Rg2 $142 43. Bg4 Rb1+ 44. Bd1 Kf7 45. h4 Rg1+ 46. Ke2 Rgxd1 47. h5 gxh5 48. Kf3 a4 49. Ke4 a3 50. Ke3 Rb3+ 51. Ke4 Rbb1 52. Kf4 a2 53. e6+ Ke8 54. d7+ Kxe7 55. Kg3 a1=Q 56. d8=R Qe5+ {[%mdl 64] Double Attack} 57. Kh3 Rxd8 58. Kg2 Rd2+ 59. Kh3 Qh2#) 43. e6 Rxd6 44. Kf2 Rxe6 {Accuracy: White = 57%, Black = 46%.} 0-1

[Event "40th Plunge Open-A 2020"]
[Site "Plunge"]
[Date "2020.07.18"]
[Round "8.7"]
[White "Paulauskas, Andrius"]
[Black "Sarauskas, Andrius"]
[Result "1/2-1/2"]
[WhiteElo "1904"]
[BlackElo "1900"]
[Annotator "TA"]
[PlyCount "131"]
[EventDate "2020.07.13"]
[EventType "swiss"]
[EventCountry "LTU"]
[SourceTitle "playchess.com"]
[Source "ChessBase"]
[SourceQuality "1"]

{[%evp 10,131,25,11,35,13,29,0,0,0,8,7,17,-10,19,25,24,6,26,20,34,36,47,32,62,57,94,55,67,66,85,68,110,84,126,119,128,125,128,53,41,0,0,8,4,6,49,36,42,50,89,85,83,67,59,52,56,6,6,-15,163,161,206,203,209,193,184,68,80,77,106,35,41,49,100,107,93,0,0,0,0,-831,-818,-780,-801,-702,0,0,0,0,0,0,679,710,678,642,661,618,633,613,558,121,121,122,139,218,123,133,447,273,1176,887,1580,1507,1654,1462,1327,1225,1192,989,29987,29988,29987,29988]} 1. d4 Nf6 2. Nf3 g6 3. b3 Bg7 4. Bb2 d5 5. Nbd2 O-O 6. e3 c6 {D04: Colle System.} 7. h3 Bf5 8. Bd3 {[#]} Bxd3 $146 {The position is equal.} ({Predecessor:} 8... Ne4 9. g4 Nxd2 10. gxf5 Nxf3+ 11. Qxf3 a5 12. h4 Na6 13. Ba3 c5 14. h5 cxd4 15. exd4 {1-0 (41) Nechaeva,M (2228)-Tsereteli,T (2286) Chalkidiki 2003}) 9. cxd3 Na6 10. O-O c5 11. Qe2 e6 12. dxc5 Nxc5 13. Rac1 Na6 14. a3 Nd7 15. Bxg7 Kxg7 16. b4 Rc8 17. Nb3 Nab8 18. e4 Qf6 19. e5 Qe7 20. Qe3 b6 21. Nfd4 a5 22. bxa5 bxa5 23. Nb5 ({But not} 23. Nxa5 $6 Rxc1 24. Rxc1 Qxa3 $14) 23... a4 24. Na5 (24. N3d4 $16) 24... Rc5 $14 25. Rxc5 (25. Rb1 {seems wilder.} d4 26. Qxd4 Rd5 27. Qa7 Qc5 28. Qxc5 Nxc5 29. d4) 25... Qxc5 26. Qxc5 Nxc5 27. d4 Ne4 28. f3 Ng3 29. Rb1 Na6 30. Kf2 $36 {[%mdl 2048] Keeping Black busy.} Nf5 31. g4 Ne7 32. Nc3 Nb8 33. Rb6 Rc8 34. Nxa4 Nd7 $2 (34... Nbc6 $11 {and Black has nothing to worry.} 35. Nb3 Ra8) 35. Rb7 $18 Ra8 36. Rxd7 Rxa5 {[%mdl 4096] Endgame KRN-KRN} 37. Nc5 ({And not} 37. Rxe7 Rxa4 38. Rb7 Rxa3 $15) 37... Kf8 38. a4 (38. Rd8+ $1 $18 Kg7 39. Rd7) 38... Nc6 $14 39. Rc7 Nxd4 40. Ke3 (40. Nd7+ $1 $16 Kg7 41. Nc5) 40... Nc2+ 41. Kf4 Nb4 (41... Nd4 $14) 42. Kg5 $1 $16 {[%cal Rg5f6] Hoping for Kf6.} d4 43. Nb7 (43. Kh6 $1 $16) 43... d3 {White must now prevent ...Kg7.} 44. Nxa5 d2 45. Nc4 $2 {[%mdl 8192]} (45. Rd7 $11 Nd5 46. Kh6) 45... d1=Q $19 {[%mdl 64] ( -> ...Qd8+). Double Attack} 46. Nd6 Qd2+ 47. f4 {[#]} f6+ $2 ({Black should play} 47... Nd3 $1 $19 48. Rxf7+ Kg8) 48. Kh6 $11 Qxf4+ (48... fxe5 $5 49. Rf7+ $8 Kg8 50. Rg7+ Kf8 51. Rf7+ Kg8 52. Rg7+ Kf8 53. Rf7+ $11) 49. Kxh7 {[%csl Gd6][%cal Rc7f7]} fxe5 50. Kxg6 {Threatens to win with Rf7+.} e4 $2 {[%mdl 8192]} (50... Qg3 $11 51. Rf7+ Kg8 52. Rg7+ Kf8 53. Rf7+ Kg8 54. Rg7+ Kf8 55. Rf7+) 51. Rf7+ $18 Qxf7+ 52. Nxf7 {KN-KN} Ke7 {And now ...Nc6 would win.} 53. Ng5 e3 54. Nf3 Nd3 55. Nd4 $2 (55. a5 $18 {is more deadly.}) 55... Nf4+ $16 {[%mdl 64] Double Attack} 56. Kg5 Nxh3+ 57. Kh4 Nf4 58. Kg3 e2 $2 {[%mdl 8192]} (58... Nd3 $16 {is tougher.}) 59. Kf2 $18 Kf6 $2 (59... e1=R 60. Kxe1 Kd6) 60. Nxe2 Nd5 61. Kf3 Ke5 62. a5 Nb4 63. Ke3 Na6 64. Nf4 Nc5 65. Nd3+ Nxd3 66. Kxd3 {[%mdl 32768] Never resign too early! Accuracy: White = 72%, Black = 51%. . An unexpected result.} 1/2-1/2

[Event "40th Plunge Open-A 2020"]
[Site "Plunge"]
[Date "2020.07.18"]
[Round "8.8"]
[White "Simkunaite, Gabija"]
[Black "Greicius, Pijus"]
[Result "1/2-1/2"]
[WhiteElo "1871"]
[BlackElo "1893"]
[Annotator "NA RC"]
[PlyCount "34"]
[EventDate "2020.07.13"]
[EventType "swiss"]
[EventCountry "LTU"]
[SourceTitle "playchess.com"]
[Source "ChessBase"]
[SourceQuality "1"]
[TimeControl "5400+30"]

{[%evp 8,34,-12,-6,0,-1,6,-7,-4,-4,7,-8,24,32767,32767,32767,32767,10,8,0,0,0,0,0,0,-4,0,-5,-1]} 1. e4 {[%emt 0:00:00]} e5 {[%emt 0:00:00]} 2. Nf3 {[%emt 0:00:00]} Nc6 {[%emt 0:00:00]} 3. d4 {[%emt 0:00:00]} exd4 {[%emt 0:00:00]} 4. Nxd4 {[%emt 0:00:00]} Nf6 {[%emt 0:00:07]} 5. Nc3 {[%emt 0:00:45]} Bb4 {[%emt 0:00:13]} 6. Nxc6 {[%emt 0:00:06]} bxc6 {[%emt 0:00:08]} 7. Bd3 {[%emt 0:00:05]} d5 {[%emt 0:00:29]} 8. exd5 {[%emt 0:00:16]} O-O {[%emt 0:00:11]} 9. O-O {[%emt 0:00:59]} Bg4 {[%emt 0:00:24]} 10. f3 {[%emt 0:04:57]} Bh5 {[%emt 0:00:26]} 11. Bg5 {[%emt 0:06:26]} Qd6 {[%emt 0:00:13]} 12. Bxf6 {[%emt 0:03:02]} Qxf6 {[%emt 0:01:31]} 13. dxc6 {[%emt 0:04:10]} Bxc3 {[%emt 0:00:20]} 14. bxc3 {[%emt 0:00:05]} Qxc3 {[%emt 0:02:00]} 15. Qe1 {[%emt 0:09:43]} Qxc6 {[%emt 0:03:29]} 16. Be4 {[%emt 0:04:12]} Qb6+ {[%emt 0:01:48]} 17. Qf2 {[%emt 0:03:58]} Rab8 $11 {[%emt 0:05:23]} 1/2-1/2

[Event "40th Plunge Open-A 2020"]
[Site "Plunge"]
[Date "2020.07.18"]
[Round "8.9"]
[White "Cibulskis, Vaclovas"]
[Black "Povilaitis, Tomas"]
[Result "0-1"]
[WhiteElo "1830"]
[BlackElo "1832"]
[Annotator "NA RC"]
[PlyCount "158"]
[EventDate "2020.07.13"]
[EventType "swiss"]
[EventCountry "LTU"]
[SourceTitle "playchess.com"]
[Source "ChessBase"]
[SourceQuality "1"]
[TimeControl "5400+30"]

1. e4 {[%emt 0:00:00]} c5 {[%emt 0:00:00]} 2. Nf3 {[%emt 0:00:17]} Nc6 {[%emt 0:00:00]} 3. Bb5 {[%emt 0:01:01]} e6 {[%emt 0:00:14]} 4. O-O {[%emt 0:00:59]} Nge7 {[%emt 0:00:10]} 5. d4 {[%emt 0:11:52]} cxd4 {[%emt 0:01:36]} 6. Nxd4 {[%emt 0:00:04]} Qb6 {[%emt 0:00:10]} 7. Bxc6 {[%emt 0:01:43] B30: Sicilian: 2...Nc6 3 Bb5, lines without ...g6.} Nxc6 {[%emt 0:01:43]} 8. Nb3 {[%emt 0:02:55]} Be7 {[%emt 0:01:20]} 9. Be3 {[%emt 0:04:53]} Qc7 {[%emt 0:00:36]} 10. Nc3 {[%emt 0:00:41]} O-O {[%emt 0:01:32]} 11. f4 {[%emt 0:00:59] [#]} b6 $146 {[%emt 0:02:38]} ({Predecessor:} 11... d6 12. Qf3 a6 13. a4 b6 14. Rad1 Bb7 15. g4 Nb4 16. Qf2 Bd8 17. f5 exf5 18. gxf5 f6 19. Bf4 Be7 20. Rd4 Nc6 21. Nd5 Qd8 22. Nxe7+ Nxe7 23. Rxd6 {1-0 (23) Keogh,E (2170)-Brady,C (2075) Kilkenny 1997}) 12. f5 {[%emt 0:16:23]} Bf6 {[%emt 0:05:41]} 13. Bf4 {[%emt 0:09:08]} Be5 {[%emt 0:01:19]} 14. Nb5 {[%emt 0:01:09]} Qd8 {[%emt 0:02:58]} 15. Bxe5 {[%emt 0:02:17]} Nxe5 {[%emt 0:00:08]} 16. Qd6 {[%emt 0:03:10]} Nc4 {[%emt 0:04:59]} 17. Qd4 {[%emt 0:00:23]} (17. Qg3 $5 {[%cal Rf5f6]}) 17... d5 {[%emt 0:00:42] [#]} (17... a6 $1 $11 {remains equal.} 18. Nc3 (18. Qxc4 axb5 19. Qd3 Bb7 $11) 18... b5) 18. f6 {[%emt 0:01:39]} (18. exd5 $1 $16 Qxd5 19. Nc7 Qxd4+ 20. Nxd4) 18... e5 {[%emt 0:13:16]} 19. Qc3 {[%emt 0:05:49]} ({Much worse is} 19. Qxd5 Qxd5 20. exd5 Bb7 $15) 19... gxf6 {[%emt 0:15:30]} 20. exd5 {[%emt 0:02:19]} Nd6 {[%emt 0:01:20]} 21. Nxd6 {[%emt 0:03:03]} Qxd6 {[%emt 0:00:02]} 22. Qf3 {[%emt 0:02:44]} f5 $1 {[%emt 0:01:04]} 23. c4 {[%emt 0:01:26]} Qg6 {[%emt 0:05:27]} 24. Rfe1 {[%emt 0:04:33]} f6 {[%emt 0:03:08]} 25. Nd2 {[%emt 0:01:33]} f4 {[%emt 0:00:46]} 26. Kh1 {[%emt 0:00:29]} Bg4 {[%emt 0:00:58]} 27. Qc3 {[%emt 0:00:51]} Kh8 {[%emt 0:01:32]} 28. b4 {[%emt 0:00:14]} Rg8 {[%emt 0:00:22]} 29. c5 {[%emt 0:02:22] [#]} (29. a4 $15) 29... Bf5 {[%emt 0:04:23]} (29... Be6 $1 $17 {[%csl Gg8][%cal Rg6g2][%mdl 512]} 30. Qf3 {[#]} (30. dxe6 Qxg2#) 30... Bxd5 $1 {[%mdl 512]} 31. Qxd5 Rad8) 30. Re2 $2 {[%emt 0:02:28]} (30. Rg1 $1 $15) 30... Qh5 $2 {[%emt 0:00:48]} (30... Bd3 $19 31. Rf2 e4) 31. Rae1 {[%emt 0:00:44]} Rg3 {[%emt 0:01:39]} (31... Qf7 $15) 32. Nf3 {[%emt 0:03:08]} Rag8 {[%emt 0:02:24]} (32... Rg7 $11 {keeps the balance.}) 33. c6 {[%emt 0:01:29]} R3g6 {[%emt 0:04:50] [#]} (33... R3g7 $1 $11 {remains equal.}) 34. Nxe5 $1 {[%emt 0:03:28]} fxe5 {[%emt 0:01:09]} 35. Qxe5+ {[%emt 0:00:03]} ({Weaker is} 35. Rxe5 R6g7 $11) 35... R6g7 {[%emt 0:00:56]} 36. Qxf4 {[%emt 0:00:21]} Bh3 {[%emt 0:01:29] [#]} 37. Qd4 $1 {[%emt 0:01:29]} (37. gxh3 {[#] leads to mate.} Qxe2 $1 {[%mdl 576] Double Attack} 38. Qg3 Rxg3 39. hxg3 Qxe1+ {[%mdl 64] Double Attack} 40. Kh2 Qxg3+ 41. Kh1 Qxh3#) 37... Rf8 $2 {[%emt 0:05:29] [#]} (37... h6 $16) 38. Rd2 $2 {[%emt 0:02:09]} (38. Re7 $1 {[%csl Ge7][%cal Rd4g7][%mdl 512]} Bxg2+ {[#]} 39. Kg1 $1 {[%mdl 512]}) 38... Kg8 {[%emt 0:01:18]} 39. d6 $2 {[%emt 0:00:18]} ({White should play} 39. Rg1 $18 Bc8 40. d6) 39... Qb5 $1 {[%emt 0:02:57] [#]} 40. Qe3 {[%emt 0:07:34]} (40. Rc2 $1 $16) 40... Rf1+ {[%emt 0:05:02]} 41. Rxf1 {[%emt 0:00:03]} Qxf1+ {[%emt 0:00:06]} 42. Qg1 {[%emt 0:00:02]} Qf4 $2 {[%emt 0:00:25]} (42... Qb5 $16) 43. Qd1 {[%emt 0:00:40]} Qe4 {[%emt 0:01:10]} 44. Qf1 {[%emt 0:00:28]} Qxc6 {[%emt 0:00:48]} 45. a3 {[%emt 0:00:56]} Bd7 {[%emt 0:01:33]} 46. Qe2 {[%emt 0:01:08]} h6 {[%emt 0:01:03]} 47. Rd3 $2 {[%emt 0:00:41] [#]} (47. Qd3) 47... Qc1+ $2 {[%emt 0:00:24]} (47... Bh3 $1 {[%mdl 512]} 48. Rf3 (48. Rxh3 Qc1+) 48... Bxg2+ 49. Qxg2 Rxg2 50. Kxg2 Qxd6) 48. Rd1 {[%emt 0:00:02]} Qf4 {[%emt 0:00:06]} 49. Qd2 {[%emt 0:01:02]} Qxd2 {[%emt 0:00:34]} 50. Rxd2 {[%emt 0:00:02]} Kf7 {[%emt 0:00:15]} 51. Kg1 {[%emt 0:00:20]} Ke6 {[%emt 0:00:14]} 52. Rd4 {[%emt 0:00:15]} Bc6 {[%emt 0:00:47]} 53. g3 {[%emt 0:00:03]} Ke5 {[%emt 0:00:05]} 54. Rc4 {[%emt 0:00:27]} Kxd6 {[%emt 0:00:08]} 55. Rh4 {[%emt 0:00:16]} Rg6 {[%emt 0:00:07]} 56. Rf4 {[%emt 0:00:04]} Ke5 {[%emt 0:00:38]} 57. Rf8 {[%emt 0:00:06]} a5 {[%emt 0:00:51]} 58. bxa5 {[%emt 0:00:04]} bxa5 {[%emt 0:00:05]} 59. Rf4 {[%emt 0:00:43]} a4 {[%emt 0:00:25]} 60. Rc4 {[%emt 0:00:50]} Kd5 {[%emt 0:00:32]} 61. Rf4 {[%emt 0:00:12]} Kc5 {[%emt 0:00:27]} 62. g4 {[%emt 0:00:31]} Re6 {[%emt 0:00:32]} 63. Kf2 {[%emt 0:00:20]} Re4 {[%emt 0:00:48]} 64. Rf6 {[%emt 0:01:36]} Rxg4 {[%emt 0:00:06]} 65. Rxh6 {[%emt 0:00:00]} Rg2+ {[%emt 0:00:05]} 66. Ke1 {[%emt 0:00:02]} Ra2 {[%emt 0:00:07]} 67. Rh3 {[%emt 0:00:20]} Kc4 {[%emt 0:00:32]} 68. Kd1 {[%emt 0:00:02]} Bd7 {[%emt 0:00:18]} 69. Rh7 {[%emt 0:00:25]} Bg4+ {[%emt 0:00:28]} 70. Kc1 {[%emt 0:00:03]} Kc3 {[%emt 0:01:26]} 71. Rc7+ {[%emt 0:00:22]} Kb3 {[%emt 0:00:19]} 72. Rg7 {[%emt 0:02:22]} Ra1+ {[%emt 0:01:15]} 73. Kd2 {[%emt 0:00:03]} Rd1+ $19 {[%emt 0:00:09]} (73... Bd1 74. h4 Kxa3) 74. Ke3 {[%emt 0:00:05]} Be6 {[%emt 0:00:29]} 75. Rg3 {[%emt 0:00:12]} Kxa3 {[%emt 0:00:54]} 76. h4 {[%emt 0:01:00]} Rh1 {[%emt 0:00:26]} 77. Kf4+ {[%emt 0:00:05]} Kb2 {[%emt 0:00:08]} 78. Rg2+ {[%emt 0:00:07]} Kb1 {[%emt 0:00:13]} 79. Kg5 {[%emt 0:00:28]} a3 {[%emt 0:00:07]} 0-1